[Event "CZE-chTB U20 1314"]
[Site "Czech Republic"]
[Date "2014.04.27"]
[Round "11.6"]
[White "Kubosova, Hana"]
[Black "Sustr, Dominik"]
[Result "1-0"]
[WhiteElo "1676"]
[BlackElo "1650"]
[PlyCount "53"]
[EventDate "2013.10.12"]
[EventType "team-tourn"]
[EventRounds "11"]
[EventCountry "CZE"]
[SourceTitle "EXT 2015"]
[Source "ChessBase"]
[SourceDate "2014.11.20"]
[SourceVersion "1"]
[SourceVersionDate "2014.11.20"]
[SourceQuality "1"]
[WhiteTeam "Orlova Slavia (U20) II"]
[BlackTeam "Tabor (U20)"]
[WhiteTeamCountry "CZE"]
[BlackTeamCountry "CZE"]

1. c4 c5 2. Nc3 e6 3. g3 Nf6 4. Bg2 Nc6 5. Nf3 Be7 6. 0-0 0-0 7. d4 cxd4 8. Nxd4 Bc5 9. e3 Rb8 10. a3 Bxd4 11. exd4 Ne7 12. Bf4 Ra8 13. Nb5 Ng6 14. Bc7 Qe8 15. Bd6 Qd8 16. Bxf8 Kxf8 17. b4 d5 18. c5 Ne8 19. Re1 a6 20. Nc3 Nc7 21. Qf3 Bd7 22. Ne2 Nb5 23. a4 Nc7 24. Nf4 Nxf4 25. Qxf4 Bc6 26. Bh3 Qe8 27. Qxc7 1-0

[Event "CZE-chTB U20 1314"]
[Site "Czech Republic"]
[Date "2014.04.26"]
[Round "9.6"]
[White "Miklasova, Emma"]
[Black "Sustr, Dominik"]
[Result "1/2-1/2"]
[WhiteElo "1590"]
[BlackElo "1650"]
[PlyCount "47"]
[EventDate "2013.10.12"]
[EventType "team-tourn"]
[EventRounds "11"]
[EventCountry "CZE"]
[SourceTitle "EXT 2015"]
[Source "ChessBase"]
[SourceDate "2014.11.20"]
[SourceVersion "1"]
[SourceVersionDate "2014.11.20"]
[SourceQuality "1"]
[WhiteTeam "Polabiny (U20) II"]
[BlackTeam "Tabor (U20)"]
[WhiteTeamCountry "CZE"]
[BlackTeamCountry "CZE"]

1. d4 d5 2. c4 e6 3. Nc3 Nf6 4. cxd5 exd5 5. Bg5 Be7 6. e3 0-0 7. Bd3 Nc6 8. Nge2 Nb4 9. Bb1 Ne4 10. Bxe7 Qxe7 11. a3 Nxc3 12. Nxc3 Nc6 13. Nxd5 Qg5 14. Qf3 Bg4 15. Qf4 Qxd5 16. Qxg4 Qa5+ 17. Kd1 Rad8 18. Qf5 Qxf5 19. Bxf5 Rfe8 20. Rc1 Re7 21. Rc3 g6 22. Bd3 Kg7 23. Bb5 Ne5 24. h3 1/2-1/2

[Event "CZE-chTB U20 1314"]
[Site "Czech Republic"]
[Date "2014.04.26"]
[Round "10.6"]
[White "Sustr, Dominik"]
[Black "Koci, Tereza"]
[Result "0-1"]
[WhiteElo "1650"]
[BlackElo "1439"]
[PlyCount "112"]
[EventDate "2013.10.12"]
[EventType "team-tourn"]
[EventRounds "11"]
[EventCountry "CZE"]
[SourceTitle "EXT 2015"]
[Source "ChessBase"]
[SourceDate "2014.11.20"]
[SourceVersion "1"]
[SourceVersionDate "2014.11.20"]
[SourceQuality "1"]
[WhiteTeam "Tabor (U20)"]
[BlackTeam "Brno Lokomotiva (U20)"]
[WhiteTeamCountry "CZE"]
[BlackTeamCountry "CZE"]

1. e4 c5 2. Nf3 e6 3. d4 cxd4 4. Nxd4 a6 5. Nc3 Qc7 6. Bd2 Nf6 7. Bd3 Be7 8. h3 d6 9. Be3 Nbd7 10. Nf3 b6 11. Qd2 Bb7 12. 0-0 0-0 13. Rfe1 Rfe8 14. Rad1 Bf8 15. Bg5 Rad8 16. Qe2 Ra8 17. Bxf6 Nxf6 18. e5 dxe5 19. Nxe5 Bb4 20. Qe3 Bxc3 21. bxc3 Nd5 22. Qe4 Nf6 23. Qb4 Nd5 24. Qh4 h6 25. c4 Nf6 26. Bf1 Rad8 27. Qf4 Nh5 28. Qe3 Nf6 29. Rd3 Be4 30. Rxd8 Rxd8 31. Qc3 Qc5 32. Bd3 Rd4 33. Nd7 Rxd7 34. Bxe4 Nxe4 35. Rxe4 Rd1+ 36. Kh2 Qxf2 37. Rg4 Qg1+ 38. Kg3 Qe1+ 39. Qxe1 Rxe1 40. c5 Re5 41. cxb6 Rb5 42. Rc4 Rxb6 43. Rc8+ Kh7 44. c4 Rb2 45. c5 Rxa2 46. c6 Rc2 47. c7 Kg6 48. h4 a5 49. Kf3 a4 50. g4 a3 51. Ra8 Rxc7 52. Rxa3 f5 53. Ra6 fxg4+ 54. Kxg4 Kf6 55. Ra5 Rc4+ 56. Kg3 e5 0-1

[Event "Czech Fed-ch U14"]
[Site "Hrdonov"]
[Date "2013.10.30"]
[Round "6"]
[White "Sustr, Dominik"]
[Black "Cach, Ondrej"]
[Result "0-1"]
[WhiteElo "1580"]
[BlackElo "1449"]
[PlyCount "104"]
[EventDate "2013.10.26"]
[EventType "swiss"]
[EventRounds "9"]
[EventCountry "CZE"]
[SourceTitle "EXT 2016"]
[Source "ChessBase"]
[SourceDate "2015.10.08"]
[SourceVersion "1"]
[SourceVersionDate "2015.10.08"]
[SourceQuality "1"]

1. e4 e5 2. Nf3 Nf6 3. Nc3 Nc6 4. Bc4 Bb4 5. d3 0-0 6. 0-0 d6 7. Bg5 Bxc3 8. bxc3 Qe7 9. Qb1 Nd8 10. Re1 Rb8 11. Qb2 Be6 12. Bb3 Bxb3 13. cxb3 Ne6 14. Bh4 Nf4 15. Rad1 Ng6 16. Bg3 Nh5 17. Rd2 Nhf4 18. Qa3 a6 19. Bxf4 Nxf4 20. g3 Ne6 21. Re3 f5 22. Nxe5 fxe4 23. dxe4 Ng5 24. f4 Rbe8 25. Nd3 Qf6 26. Qb4 b5 27. Nf2 Ne6 28. f5 Nc5 29. Qd4 Qg5 30. Nh3 Qh5 31. Nf4 Qf7 32. b4 Nd7 33. Ne6 Rxe6 34. Qa7 Ne5 35. Rd1 Nc4 36. Re2 Re5 37. Qxa6 Qh5 38. Rde1 d5 39. Qxb5 Nd6 40. Qa6 Nxe4 41. c4 Qxf5 42. cxd5 Nd2 43. Rxe5 Nf3+ 44. Kh1 Nxe5 45. Qe6+ Qxe6 46. dxe6 Nd3 47. e7 Nxe1 48. exf8Q+ Kxf8 49. b5 Nc2 50. a4 Nd4 51. h4 Ne2 52. Kg2 Nc3 0-1

[Event "Tabor op"]
[Site "Tabor"]
[Date "2013.08.04"]
[Round "9"]
[White "Lezak, Petr"]
[Black "Sustr, Dominik"]
[Result "1/2-1/2"]
[WhiteElo "1716"]
[BlackElo "1520"]
[PlyCount "66"]
[EventDate "2013.07.28"]
[EventType "swiss"]
[EventRounds "9"]
[EventCountry "CZE"]
[SourceTitle "CBM 155 Extra"]
[Source "ChessBase"]
[SourceDate "2013.08.26"]
[SourceVersion "1"]
[SourceVersionDate "2013.08.26"]
[SourceQuality "1"]

1. e4 e5 2. Nf3 Nc6 3. Bc4 Bc5 4. c3 d6 5. d4 exd4 6. cxd4 Bb4+ 7. Kf1 Nf6 8. Qa4 d5 9. exd5 Nxd5 10. Ne5 Qd6 11. Bxd5 Qxd5 12. Nxc6 Qxc6 13. Qxc6+ bxc6 14. Bd2 Bd6 15. Nc3 0-0 16. Rc1 Bb7 17. f3 Rfe8 18. Kf2 h6 19. Ne4 Re7 20. h3 Rae8 21. Rhe1 f5 22. Nc5 Bc8 23. Rxe7 Rxe7 24. Nb3 Re6 25. Nc5 Re7 26. Re1 Kf7 27. Rxe7+ Bxe7 28. Ba5 Bd6 29. Ke3 Be6 30. b3 f4+ 31. Ke2 Ke7 32. Na6 Kd8 33. Nc5 Bd5 1/2-1/2

[Event "Tabor op"]
[Site "Tabor"]
[Date "2013.07.31"]
[Round "5"]
[White "Sustr, Dominik"]
[Black "Novak, Rudolf"]
[Result "1-0"]
[WhiteElo "1520"]
[BlackElo "1707"]
[PlyCount "86"]
[EventDate "2013.07.28"]
[EventType "swiss"]
[EventRounds "9"]
[EventCountry "CZE"]
[SourceTitle "CBM 155 Extra"]
[Source "ChessBase"]
[SourceDate "2013.08.26"]
[SourceVersion "1"]
[SourceVersionDate "2013.08.26"]
[SourceQuality "1"]

1. e4 c5 2. Nf3 d6 3. Bc4 Nc6 4. d4 cxd4 5. Nxd4 Nf6 6. Nc3 e6 7. Bg5 Be7 8. Nf3 0-0 9. 0-0 a6 10. Qd3 Qc7 11. Rfd1 b5 12. Bb3 Rd8 13. Qe2 Bb7 14. Rd2 Na5 15. Rad1 Nxb3 16. axb3 b4 17. Na4 Nxe4 18. Bxe7 Qxe7 19. Rd4 d5 20. Nb6 Rab8 21. Ne5 Rd6 22. Na4 Qf6 23. Ng4 Qg5 24. f3 Nf6 25. Nxf6+ Qxf6 26. Nc5 Bc8 27. Ne4 Qe5 28. f4 Qxf4 29. Nxd6 Qxd6 30. g3 a5 31. Kg2 Bb7 32. Re1 Qc5 33. Qd2 Rc8 34. Re2 Qd6 35. Kg1 e5 36. Rd3 d4 37. Qe1 f6 38. c3 Qd5 39. Qf1 Qh1+ 40. Kf2 Qxh2+ 41. Ke1 Qxg3+ 42. Rxg3 bxc3 43. bxc3 dxc3 1-0

[Event "Nachod op"]
[Site "Nachod"]
[Date "2012.07.03"]
[Round "4"]
[White "Rybin, Jan"]
[Black "Sustr, Dominik"]
[Result "1/2-1/2"]
[WhiteElo "1393"]
[BlackElo "1404"]
[PlyCount "60"]
[EventDate "2012.06.30"]
[EventType "swiss"]
[EventRounds "9"]
[EventCountry "CZE"]
[SourceTitle "CBM 149 Extra"]
[Source "ChessBase"]
[SourceDate "2012.08.24"]
[SourceVersion "1"]
[SourceVersionDate "2012.08.24"]
[SourceQuality "1"]

1. d4 d5 2. c4 dxc4 3. e4 Nc6 4. Nf3 Bg4 5. Be3 Bxf3 6. gxf3 e6 7. Bxc4 Bb4+ 8. Nc3 Nge7 9. f4 Qd7 10. Qd3 0-0-0 11. 0-0-0 Bxc3 12. Qxc3 Kb8 13. b4 Ng6 14. a4 Nce7 15. b5 b6 16. Rd2 Nh4 17. Be2 Neg6 18. Rg1 f5 19. e5 Ne7 20. Ra2 Nd5 21. Qd2 Nxe3 22. fxe3 Rc8 23. Kb2 c6 24. bxc6 Qxc6 25. Rc1 Qxc1+ 26. Qxc1 Rxc1 27. Kxc1 Ng2 28. Kd2 Rc8 29. Bf1 Nh4 30. Be2 Ng2 1/2-1/2